[Event "Thessaloniki-Chalkidiki-chT B local"]
[Site "Thessaloniki"]
[Date "2019.01.27"]
[Round "3.7"]
[White "Iakovidis, Orestis Marios"]
[Black "Tsirlis, Panteleimon"]
[Result "0-1"]
[WhiteElo "1269"]
[BlackElo "1745"]
[PlyCount "74"]
[EventDate "2019.01.13"]
[EventType "team-swiss"]
[EventRounds "9"]
[EventCountry "GRE"]
[SourceTitle "EXT 2020"]
[Source "ChessBase"]
[SourceDate "2019.10.17"]
[SourceVersion "1"]
[SourceVersionDate "2019.10.17"]
[SourceQuality "1"]

1. d4 Nf6 2. c4 e6 3. Nc3 Bb4 4. Qc2 Bxc3+ 5. Qxc3 d6 6. Qc2 Qe7 7. Bg5 Nbd7 8. e3 h6 9. Bh4 0-0 10. Be2 e5 11. Nf3 Re8 12. 0-0 Nf8 13. h3 Ng6 14. Bg3 Nh7 15. d5 f5 16. Rfe1 Ng5 17. Nh4 Nxh4 18. Bxh4 Nxh3+ 19. gxh3 Qxh4 20. Bf1 Rf8 21. Kh2 f4 22. Re2 fxe3 23. fxe3 Rxf1 24. Rxf1 Bxh3 25. Rff2 Bf5+ 26. Kg1 Bxc2 27. Rxc2 Qg3+ 28. Rg2 Qxe3+ 29. Kh2 Rf8 30. Rce2 Qf4+ 31. Rg3 Qf1 32. Reg2 Rf7 33. b3 g5 34. Rh3 Kg7 35. Rhg3 Rf4 36. Rh3 Kg6 37. a3 h5 0-1